Sri Aurobindo Changing The Face Of Indian Policies / (Record no. 195402)

MARC details
000 -LEADER
fixed length control field 00520nam a22001817a 4500
005 - DATE AND TIME OF LATEST TRANSACTION
control field 20230327145448.0
010 ## - LCCN (DPL NO)
LC control number ENG-136506
020 ## - INTERNATIONAL STANDARD BOOK NUMBER
International Standard Book Number 9789352102556
Terms of availability 50.00
035 ## - SYSTEM CONTROL NUMBER
System control number EN-120038
037 ## - SOURCE OF ACQUISITION
Source of stock number/acquisition DBAD/PUB
082 ## - DEWEY DECIMAL CLASSIFICATION NUMBER
Classification number 181.4
245 ## - TITLE STATEMENT
Title Sri Aurobindo Changing The Face Of Indian Policies /
250 ## - EDITION STATEMENT
Edition statement First
260 ## - PUBLICATION, DISTRIBUTION, ETC. (IMPRINT)
Place of publication, distribution, etc Pondicherry
Name of publisher, distributor, etc Sri Aurobindo Ashram Publication Department
Date of publication, distribution, etc 2022
270 ## - ADDRESS
City Pondicherry
Postal code 605002
300 ## - PHYSICAL DESCRIPTION
Extent x82p.;
Dimensions 18cm(pbk)
942 ## - ADDED ENTRY ELEMENTS (KOHA)
Source of classification or shelving scheme Dewey Decimal Classification
Item type English Books
Classification part 181.4
Call number suffix SRI
Holdings
Withdrawn status Lost status Not for loan Collection code Home library Current library Date acquired Source of acquisition Cost, normal purchase price Full call number Barcode Copy number Cost, replacement price Koha item type
      Non-fiction Shahdara Branch Shahdara Branch 27/03/2023 DBAD/PUB 50.00 181.4 SRI EN-120038 1 50.00 English Books

© Delhi Public Library
Hit Counter
free hit counter